000 00868nas a2200301 4500
001 BR2012009753
003 BR-BrBNA
005 20231205121710.0
007 ta
008 230509b bl.|||p| |||| 00| 00por d
040 _aBR-BrBNA
_bpor
_cBiblioteca Nacional de Agricultura
041 _a(Pt)
072 _aL70; L53
100 1 _aGomes, R.G.
100 1 _aCosenza, M.
100 1 _aLisbôa, J.A.N.
100 1 _aSampaio, A.J.S. de A.
245 1 _aHérnia perineal em ovino com útero gravídico como conteúdo
650 _aOVINO
650 _aHÉRNIA
650 _aÚTERO
650 _aPRENHEZ
650 _aCIRURGIA
650 _aVETERINÁRIA PREVENTIVA
773 0 _tSemina. Ciências Agrárias (Brazil)
_xISSN 1676-546X
_g(Jul-Sep 2010), v. 31(3) p. 733-738
_wBR2012009753
909 _a202311
_bLúcia
_c55
_dLúcia Elande
942 _2AGRIS
_n0
_cANA
999 _c224791
_d224791